Abūlkalām Āzād / (Record no. 342461)
[ view plain ]
| 000 -LEADER | |
|---|---|
| fixed length control field | 00595nam a22001937a 4500 |
| 001 - CONTROL NUMBER | |
| control field | 3412474 |
| 003 - CONTROL NUMBER IDENTIFIER | |
| control field | NUST |
| 005 - DATE AND TIME OF LATEST TRANSACTION | |
| control field | 20171228095000.0 |
| 008 - FIXED-LENGTH DATA ELEMENTS--GENERAL INFORMATION | |
| fixed length control field | 890906s1959 pk a 000 0 urd |
| 010 ## - LIBRARY OF CONGRESS CONTROL NUMBER | |
| LC control number | 89939526 |
| 040 ## - CATALOGING SOURCE | |
| Original cataloging agency | DLC |
| Transcribing agency | DLC |
| Modifying agency | DLC |
| 050 00 - LIBRARY OF CONGRESS CALL NUMBER | |
| Classification number | MLCSA 89/01914 (P) |
| 082 ## - DEWEY DECIMAL CLASSIFICATION NUMBER | |
| Classification number | 954.035092 |
| Author Mark | AZA |
| 245 00 - TITLE STATEMENT | |
| Title | Abūlkalām Āzād / |
| Statement of responsibility, etc. | murattabah, Anvar ʻĀrif. |
| 260 ## - PUBLICATION, DISTRIBUTION, ETC. | |
| Place of publication, distribution, etc. | Karācī : |
| Name of publisher, distributor, etc. | Maktabah-yi Mahaul, |
| Date of publication, distribution, etc. | 1959 |
| 300 ## - PHYSICAL DESCRIPTION | |
| Extent | 272 p. : |
| Other physical details | ill. ; |
| Dimensions | 19 cm. |
| 700 1# - ADDED ENTRY--PERSONAL NAME | |
| Personal name | ʻĀrif, Anvar. |
| 9 (RLIN) | 7730 |
| 880 ## - ALTERNATE GRAPHIC REPRESENTATION | |
| Linkage | 245-02\(3\r |
| Title | ابو الکلام آزاد |
| c | مرتبہ انور عارف |
| 880 ## - ALTERNATE GRAPHIC REPRESENTATION | |
| Linkage | 260-03\(3\r |
| Title | کراچی: |
| b | مکتبہ محل، |
| c | 1959 |
| 906 ## - LOCAL DATA ELEMENT F, LDF (RLIN) | |
| a | 7 |
| b | cbc |
| c | orignew |
| d | u |
| e | ncip |
| f | 19 |
| g | y-gencatlg |
| 942 ## - ADDED ENTRY ELEMENTS (KOHA) | |
| Source of classification or shelving scheme | |
| Koha item type | Book |
| Withdrawn status | Lost status | Source of classification or shelving scheme | Damaged status | Not for loan | Collection code | Permanent Location | Current Location | Shelving location | Date acquired | Total Checkouts | Full call number | Barcode | Date last seen | Copy number | Price effective from | Koha item type |
|---|---|---|---|---|---|---|---|---|---|---|---|---|---|---|---|---|
| Central Library (CL) | Central Library (CL) | Fiction | 12/28/2017 | 954.035092 AZA | CL2200 | 12/28/2017 | 1 | 12/28/2017 | Book |
